| 000 | 00414nam a2200157 i 4500 | ||
|---|---|---|---|
| 001 | 84084 | ||
| 003 | ES-MaACL | ||
| 005 | 20230906174937.0 | ||
| 007 | t| | ||
| 008 | 041119s1957 cu ||||1| spa d | ||
| 100 | 1 |
_aIznaga, Alcides. _965693 |
|
| 245 | 1 | 0 |
_aCuentos viejos / _cAlcides Iznaga. |
| 260 |
_aCienfuegos : _bSigno, _c1957. |
||
| 300 |
_a24 p. : _bil. ; _c23 cm. |
||
| 852 |
_aES-MaACL _j1984-F-3 _bR.40463 |
||
| 999 |
_c84084 _d84084 |
||